<?xml version="1.0" encoding="UTF-8"?><?xml-stylesheet type="text/xsl" href="static/style.xsl"?><OAI-PMH xmlns="http://www.openarchives.org/OAI/2.0/" xmlns:xsi="http://www.w3.org/2001/XMLSchema-instance" xsi:schemaLocation="http://www.openarchives.org/OAI/2.0/ http://www.openarchives.org/OAI/2.0/OAI-PMH.xsd"><responseDate>2026-06-03T19:23:31Z</responseDate><request verb="GetRecord" identifier="oai:riuma.uma.es:10630/14684" metadataPrefix="marc">https://riuma.uma.es/rest/oai/request</request><GetRecord><record><header><identifier>oai:riuma.uma.es:10630/14684</identifier><datestamp>2026-02-03T11:57:42Z</datestamp><setSpec>com_10630_2254</setSpec><setSpec>col_10630_37959</setSpec></header><metadata><record xmlns="http://www.loc.gov/MARC21/slim" xmlns:dcterms="http://purl.org/dc/terms/" xmlns:doc="http://www.lyncode.com/xoai" xmlns:xsi="http://www.w3.org/2001/XMLSchema-instance" xsi:schemaLocation="http://www.loc.gov/MARC21/slim http://www.loc.gov/standards/marcxml/schema/MARC21slim.xsd">
   <leader>00925njm 22002777a 4500</leader>
   <datafield ind2=" " ind1=" " tag="042">
      <subfield code="a">dc</subfield>
   </datafield>
   <datafield ind2=" " ind1=" " tag="720">
      <subfield code="a">Soto-Calzado, Inocente</subfield>
      <subfield code="e">author</subfield>
   </datafield>
   <datafield ind2=" " ind1=" " tag="260">
      <subfield code="c">2017-10-23</subfield>
   </datafield>
   <datafield ind2=" " ind1=" " tag="520">
      <subfield code="a">Los estudios artísticos superiores se han encontrado desde su no muy lejana implantación con la problemática sobre la evaluación de unas materias que enarbolan muchas veces la subjetividad como característica. En aras de la objetividad y de la buena praxis se ha utilizado el concepto de rúbrica como instrumento al servicio de alumno y profesor, pues permite la explicación de la evaluación y entender los motivos en los que se basa, completando la labor de aprendizaje y, por supuesto, la de enseñanza, proporcionando una información de partida al ser expuesta con antelación. A partir de unos objetivos claros se relacionan competencias con criterios y descriptores, para a continuación elaborar la forma de hacer llegar toda la documentación al alumno y hacerlo partícipe de su propia evaluación, tanto individual como colectivamente, momento  donde entran en acción las nuevas tecnologías de la información y de la comunicación. El aprovechamiento de recursos existentes, como la plataforma educativa institucional Campus Virtual, apuesta por la aplicabilidad real de la propuesta, un proceso en continua realimentación o feedback.</subfield>
   </datafield>
   <datafield ind1="8" ind2=" " tag="024">
      <subfield code="a">http://hdl.handle.net/10630/14684</subfield>
   </datafield>
   <datafield ind1="8" ind2=" " tag="024">
      <subfield code="a">http://orcid.org/0000-0003-4167-6544</subfield>
   </datafield>
   <datafield tag="653" ind2=" " ind1=" ">
      <subfield code="a">Pintura - Estudio y enseñanza - Innovaciones tecnológicas</subfield>
   </datafield>
   <datafield tag="653" ind2=" " ind1=" ">
      <subfield code="a">Tecnología educativa</subfield>
   </datafield>
   <datafield ind2="0" ind1="0" tag="245">
      <subfield code="a">Una experiencia con la rúbrica en entornos virtuales para la enseñanza superior de la Pintura</subfield>
   </datafield>
</record>
</metadata></record></GetRecord></OAI-PMH>